<?xml version="1.0" encoding="UTF-8"?>
<record
    xmlns:xsi="http://www.w3.org/2001/XMLSchema-instance"
    xsi:schemaLocation="http://www.loc.gov/MARC21/slim http://www.loc.gov/standards/marcxml/schema/MARC21slim.xsd"
    xmlns="http://www.loc.gov/MARC21/slim">

  <leader>00681nam a2200241 i 4500</leader>
  <controlfield tag="001">C2-0317128</controlfield>
  <controlfield tag="003">PPAK</controlfield>
  <controlfield tag="005">20180728113327.0</controlfield>
  <controlfield tag="008">120826s2011    my  |||| |||||  |   may d</controlfield>
  <datafield tag="020" ind1=" " ind2=" ">
    <subfield code="a">9789675783760</subfield>
  </datafield>
  <datafield tag="040" ind1=" " ind2=" ">
    <subfield code="a">PPAK</subfield>
    <subfield code="b">eng</subfield>
    <subfield code="c">PPAK</subfield>
    <subfield code="e">rda</subfield>
  </datafield>
  <datafield tag="082" ind1="0" ind2="4">
    <subfield code="a">956.1024092</subfield>
    <subfield code="2">23</subfield>
  </datafield>
  <datafield tag="090" ind1="0" ind2="0">
    <subfield code="a">956.1024092</subfield>
    <subfield code="b">ABD</subfield>
    <subfield code="d">G</subfield>
  </datafield>
  <datafield tag="100" ind1="0" ind2=" ">
    <subfield code="a">Abdul Latip Talib, </subfield>
    <subfield code="e">author</subfield>
  </datafield>
  <datafield tag="245" ind1="1" ind2="0">
    <subfield code="a">Mustafa Kamal Ataturk</subfield>
  </datafield>
  <datafield tag="264" ind1=" " ind2="1">
    <subfield code="a">Batu Caves, Selangor : </subfield>
    <subfield code="b">PTS Litera Utama , </subfield>
    <subfield code="c">2011</subfield>
  </datafield>
  <datafield tag="300" ind1=" " ind2=" ">
    <subfield code="a">xxviii, 403 pages ; </subfield>
    <subfield code="c">22 cm</subfield>
  </datafield>
  <datafield tag="336" ind1=" " ind2=" ">
    <subfield code="2">rdacontent</subfield>
    <subfield code="a">text</subfield>
  </datafield>
  <datafield tag="337" ind1=" " ind2=" ">
    <subfield code="2">rdamedia</subfield>
    <subfield code="a">unmediated</subfield>
  </datafield>
  <datafield tag="338" ind1=" " ind2=" ">
    <subfield code="2">rdacarrier</subfield>
    <subfield code="a">volume</subfield>
  </datafield>
  <datafield tag="650" ind1="1" ind2="0">
    <subfield code="a">President - Turkey - Biography</subfield>
  </datafield>
  <datafield tag="942" ind1=" " ind2=" ">
    <subfield code="d">dc</subfield>
    <subfield code="c">B</subfield>
  </datafield>
  <datafield tag="999" ind1=" " ind2=" ">
    <subfield code="c">118220</subfield>
    <subfield code="d">118220</subfield>
  </datafield>
  <datafield tag="952" ind1=" " ind2=" ">
    <subfield code="0">0</subfield>
    <subfield code="7">0</subfield>
    <subfield code="b">PPAK</subfield>
    <subfield code="c">G</subfield>
    <subfield code="d">2012-09-24</subfield>
    <subfield code="l">2</subfield>
    <subfield code="m">1</subfield>
    <subfield code="o">956.1024092 ABD</subfield>
    <subfield code="p">A01383723</subfield>
    <subfield code="r">2024-02-17 12:49:08</subfield>
    <subfield code="s">2024-01-20</subfield>
    <subfield code="y">B</subfield>
  </datafield>
  <datafield tag="952" ind1=" " ind2=" ">
    <subfield code="0">0</subfield>
    <subfield code="7">0</subfield>
    <subfield code="b">PPAK</subfield>
    <subfield code="c">G</subfield>
    <subfield code="d">2012-09-24</subfield>
    <subfield code="l">1</subfield>
    <subfield code="o">956.1024092 ABD</subfield>
    <subfield code="p">A01383724</subfield>
    <subfield code="r">2018-10-16 00:00:00</subfield>
    <subfield code="s">2018-10-02</subfield>
    <subfield code="y">B</subfield>
  </datafield>
  <datafield tag="952" ind1=" " ind2=" ">
    <subfield code="0">0</subfield>
    <subfield code="7">0</subfield>
    <subfield code="b">SP</subfield>
    <subfield code="c">G</subfield>
    <subfield code="d">2012-09-24</subfield>
    <subfield code="l">3</subfield>
    <subfield code="m">1</subfield>
    <subfield code="o">956.1024092 ABD</subfield>
    <subfield code="p">A01383725</subfield>
    <subfield code="r">2024-09-28 12:30:26</subfield>
    <subfield code="s">2024-08-24</subfield>
    <subfield code="y">B</subfield>
  </datafield>
  <datafield tag="952" ind1=" " ind2=" ">
    <subfield code="0">0</subfield>
    <subfield code="7">0</subfield>
    <subfield code="b">JT</subfield>
    <subfield code="c">G</subfield>
    <subfield code="d">2012-09-24</subfield>
    <subfield code="l">2</subfield>
    <subfield code="o">956.1024092 ABD</subfield>
    <subfield code="p">A01383726</subfield>
    <subfield code="r">2026-03-29 15:25:02</subfield>
    <subfield code="s">2026-03-08</subfield>
    <subfield code="y">B</subfield>
  </datafield>
  <datafield tag="952" ind1=" " ind2=" ">
    <subfield code="0">0</subfield>
    <subfield code="7">0</subfield>
    <subfield code="b">LW</subfield>
    <subfield code="c">G</subfield>
    <subfield code="d">2012-09-24</subfield>
    <subfield code="l">2</subfield>
    <subfield code="o">956.1024092 ABD</subfield>
    <subfield code="p">A01383727</subfield>
    <subfield code="r">2020-12-20 00:00:00</subfield>
    <subfield code="s">2020-12-08</subfield>
    <subfield code="y">B</subfield>
  </datafield>
  <datafield tag="952" ind1=" " ind2=" ">
    <subfield code="0">0</subfield>
    <subfield code="7">0</subfield>
    <subfield code="b">BL</subfield>
    <subfield code="c">G</subfield>
    <subfield code="d">2012-09-24</subfield>
    <subfield code="l">2</subfield>
    <subfield code="o">956.1024092 ABD</subfield>
    <subfield code="p">A01383731</subfield>
    <subfield code="r">2025-03-01 10:25:02</subfield>
    <subfield code="s">2025-02-10</subfield>
    <subfield code="y">B</subfield>
  </datafield>
  <datafield tag="952" ind1=" " ind2=" ">
    <subfield code="0">0</subfield>
    <subfield code="7">0</subfield>
    <subfield code="b">BB</subfield>
    <subfield code="c">G</subfield>
    <subfield code="d">2012-09-24</subfield>
    <subfield code="l">1</subfield>
    <subfield code="o">956.1024092 ABD</subfield>
    <subfield code="p">A01383732</subfield>
    <subfield code="r">2020-12-06 00:00:00</subfield>
    <subfield code="s">2020-11-23</subfield>
    <subfield code="y">B</subfield>
  </datafield>
  <datafield tag="952" ind1=" " ind2=" ">
    <subfield code="0">0</subfield>
    <subfield code="7">0</subfield>
    <subfield code="b">KM</subfield>
    <subfield code="c">G</subfield>
    <subfield code="d">2012-09-24</subfield>
    <subfield code="l">8</subfield>
    <subfield code="o">956.1024092 ABD</subfield>
    <subfield code="p">A01383734</subfield>
    <subfield code="r">2026-03-04 12:15:59</subfield>
    <subfield code="s">2026-02-23</subfield>
    <subfield code="y">B</subfield>
  </datafield>
  <datafield tag="952" ind1=" " ind2=" ">
    <subfield code="0">0</subfield>
    <subfield code="7">0</subfield>
    <subfield code="b">MR</subfield>
    <subfield code="c">G</subfield>
    <subfield code="d">2012-09-24</subfield>
    <subfield code="o">956.1024092 ABD</subfield>
    <subfield code="p">A01383735</subfield>
    <subfield code="r">2018-05-09 00:00:00</subfield>
    <subfield code="y">B</subfield>
  </datafield>
  <datafield tag="952" ind1=" " ind2=" ">
    <subfield code="0">0</subfield>
    <subfield code="7">0</subfield>
    <subfield code="b">PG</subfield>
    <subfield code="c">G</subfield>
    <subfield code="d">2012-09-24</subfield>
    <subfield code="l">2</subfield>
    <subfield code="m">1</subfield>
    <subfield code="o">956.1024092 ABD</subfield>
    <subfield code="p">A01383736</subfield>
    <subfield code="r">2025-11-06 14:35:54</subfield>
    <subfield code="s">2025-10-15</subfield>
    <subfield code="y">B</subfield>
  </datafield>
</record>
